书目信息 |
| 题名: |
室内装饰设计施工图集 2
|
|
| 作者: | 尤逸南 主编 | |
| 分册: | ||
| 出版信息: | 北京 中国建筑工业出版社 1997.05 |
|
| 页数: | 184页 | |
| 开本: | 16开 | |
| 丛书名: | ||
| 单 册: | ||
| 中图分类: | TU238-64 | |
| 科图分类: | ||
| 主题词: | 建筑设计 | |
| 电子资源: | ||
| ISBN: | 7-112-03074-9 | |
| 000 | 00582nam0 2200193 45 | |
| 001 | 0009260927 | |
| 005 | 20001211105620.0 | |
| 010 | @a7-112-03074-9@d90.00元 | |
| 100 | @a20000926d1997 km y0chiy0120 ea | |
| 101 | 0 | @achi |
| 105 | @a z 000yy | |
| 200 | 1 | @a室内装饰设计施工图集 2@Ashi nei zhuang shi she ji shi gong tu ji 2@f尤逸南主编@FYou Yi Nan Zhu Bian |
| 210 | @a北京@c中国建筑工业出版社@d1997.05 | |
| 215 | @a184页@d16开 | |
| 606 | 0 | @a建筑设计 |
| 690 | @aTU238-64@v3 | |
| 701 | 0 | @a尤逸南@4主编 |
| 801 | @aCN@bPftUser@c20000926 | |
| 905 | @dTU238-64@eY569:2@b305325-329@f5 | |
| 室内装饰设计施工图集 2/尤逸南主编.-北京:中国建筑工业出版社,1997.05 |
| 184页;16开 |
| ISBN 7-112-03074-9:90.00元 |
| ● |
| 相关链接 |
|
|
|
正题名:室内装饰设计施工图集 2
索取号:TU238-64/Y569:2
 
预约/预借
| 序号 | 登录号 | 条形码 | 馆藏地/架位号 | 状态 | 备注 |
| 1 | 153908 | 201539086 | 建筑库101/101建筑库 54排6列3层/ [索取号:TU238-64/Y569:2] | 在馆 | |
| 2 | 179232 | 201792328 | 建筑库101/101建筑库 54排6列3层/ [索取号:TU238-64/Y569:2] | 在馆 | |
| 3 | 179233 | 201792337 | 建筑库101/101建筑库 54排6列3层/ [索取号:TU238-64/Y569:2] | 在馆 | |
| 4 | 179234 | 201792346 | 建筑库101/101建筑库 54排6列3层/ [索取号:TU238-64/Y569:2] | 在馆 | |
| 5 | 305325 | 203053257 | 建筑库101/ [索取号:TU238-64/Y569:2] | 在馆 | |
| 6 | 305326 | 203053266 | 建筑库101/101建筑库 54排6列3层/ [索取号:TU238-64/Y569:2] | 在馆 | |
| 7 | 305327 | 203053275 | 建筑库101/101建筑库 54排6列3层/ [索取号:TU238-64/Y569:2] | 在馆 | |
| 8 | 305328 | 203053284 | 建筑库101/101建筑库 54排6列3层/ [索取号:TU238-64/Y569:2] | 在馆 | |
| 9 | 305329 | 203053293 | 建筑库101/101建筑库 54排6列3层/ [索取号:TU238-64/Y569:2] | 在馆 | |
| 10 | 318132 | 203181323 | 建筑库101/101建筑库 54排6列3层/ [索取号:TU238-64/Y569:2] | 在馆 | |
| 11 | 318133 | 203181332 | 建筑库101/101建筑库 54排6列3层/ [索取号:TU238-64/Y569:2] | 在馆 | |
| 12 | 318134 | 203181341 | 建筑库101/101建筑库 54排6列3层/ [索取号:TU238-64/Y569:2] | 在馆 | |
| 13 | 318135 | 203181350 | 建筑库101/101建筑库 54排6列3层/ [索取号:TU238-64/Y569:2] | 在馆 | |
| 14 | 318136 | 203181369 | 建筑库101/101建筑库 54排6列3层/ [索取号:TU238-64/Y569:2] | 在馆 | |
| 15 | 323417 | 203234179 | 建筑库101/101建筑库 54排6列2层/ [索取号:TU238-64/Y569:2] | 在馆 | |
| 16 | 323418 | 203234188 | 建筑库101/101建筑库 54排6列3层/ [索取号:TU238-64/Y569:2] | 在馆 | |
| 17 | 323419 | 203234197 | 建筑库101/101建筑库 54排6列3层/ [索取号:TU238-64/Y569:2] | 在馆 |